Skúmanie faktorov formujúcich imidž vybranej značky diplomová práca

Na minha lista:
Detalhes bibliográficos
Autor principal: Lacková, Ina
Autor Corporativo: Obchodná fakulta EU. Katedra marketingu
Outros Autores: Kopaničová, Janka, 1979-
Formato: Livro
Idioma:eslovaco
Publicado em: Bratislava 2024
Tags: Adicionar Tag
Sem tags, seja o primeiro a adicionar uma tag!

MARC

LEADER 00000nbm a2200000 4500
001 0302232
005 20241206152102.8
041 0 |a slo 
044 |a SK 
245 1 0 |a Skúmanie faktorov formujúcich imidž vybranej značky  |b diplomová práca  |c Ina Lacková ; školiteľ: Janka Kopaničová 
264 1 |a Bratislava  |c 2024 
300 |a 81 s. 
100 1 |a Lacková, Ina 
700 1 |a Kopaničová, Janka, 1979- 
710 2 |a Obchodná fakulta EU. Katedra marketingu